<?xml version="1.0" encoding="UTF-8"?><?xml-stylesheet type="text/xsl" href="static/style.xsl"?><OAI-PMH xmlns="http://www.openarchives.org/OAI/2.0/" xmlns:xsi="http://www.w3.org/2001/XMLSchema-instance" xsi:schemaLocation="http://www.openarchives.org/OAI/2.0/ http://www.openarchives.org/OAI/2.0/OAI-PMH.xsd"><responseDate>2026-04-17T02:38:18Z</responseDate><request verb="GetRecord" identifier="oai:www.recercat.cat:2445/197791" metadataPrefix="marc">https://recercat.cat/oai/request</request><GetRecord><record><header><identifier>oai:recercat.cat:2445/197791</identifier><datestamp>2025-12-05T10:39:38Z</datestamp><setSpec>com_2072_1057</setSpec><setSpec>col_2072_478811</setSpec><setSpec>col_2072_478917</setSpec></header><metadata><record xmlns="http://www.loc.gov/MARC21/slim" xmlns:dcterms="http://purl.org/dc/terms/" xmlns:xsi="http://www.w3.org/2001/XMLSchema-instance" xmlns:doc="http://www.lyncode.com/xoai" xsi:schemaLocation="http://www.loc.gov/MARC21/slim http://www.loc.gov/standards/marcxml/schema/MARC21slim.xsd">
   <leader>00925njm 22002777a 4500</leader>
   <datafield ind2=" " ind1=" " tag="042">
      <subfield code="a">dc</subfield>
   </datafield>
   <datafield ind2=" " ind1=" " tag="720">
      <subfield code="a">Aparicio Chueca, Ma. del Pilar (María del Pilar)</subfield>
      <subfield code="e">author</subfield>
   </datafield>
   <datafield ind2=" " ind1=" " tag="720">
      <subfield code="a">Rodríguez Rodríguez, Sergio</subfield>
      <subfield code="e">author</subfield>
   </datafield>
   <datafield ind2=" " ind1=" " tag="260">
      <subfield code="c">2023-05-10T17:00:28Z</subfield>
   </datafield>
   <datafield ind2=" " ind1=" " tag="260">
      <subfield code="c">2023-05-10T17:00:28Z</subfield>
   </datafield>
   <datafield ind2=" " ind1=" " tag="260">
      <subfield code="c">2023-03-27</subfield>
   </datafield>
   <datafield ind2=" " ind1=" " tag="260">
      <subfield code="c">2023-05-10T17:00:28Z</subfield>
   </datafield>
   <datafield ind2=" " ind1=" " tag="520">
      <subfield code="a">El uso diario del tiempo puede considerarse un juego de suma cero. Por tanto, el tiempo dedicado a la realización de actividad física y al uso de las TIC puede ser considerado tiempo sustitutivo: si se dedica más tiempo a un tipo, el tiempo dedicado otras actividades se verá resentido. La imagen estereotipada de los jugadores de videojuegos o los seguidores de e-sports se asocia a comportamientos sedentarios y hábitos poco saludables y alejados del mundo del deporte. Sin embargo, ¿es eso cierto? Para poder contrastar la hipótesis contactamos con la Asociación para la Investigación de Medios de Comunicación (AIMC) y nos facilitaron datos de individuos de 14 o más años, residentes en hogares de España, obteniendo una muestra es de 9806 entrevistas en 2021. El 33,99% de la población española mayor de 14 años practica deporte de forma semanal. Este porcentaje aumenta al 39,82% entre los jugadores de videojuegos y alcanza el 48,85% entre los seguidores de los esports. Estos porcentajes aumentan significativamente entre los jugadores y seguidores de videojuegos deportivos superando el 56% en ambos casos. Por tanto, se puede rechazar la idea de sedentarismo entre los jugadores de e-sports. Para eliminar si este efecto viene condicionado por la variable edad de los individuos y no por su participación en videojuegos y e-sports, los resultados muestran cómo, para todos los cortes de edad, los porcentajes de individuos que practican deporte son superiores entre los jugadores o seguidores del mundo de los e-sports, rechazando la hipótesis inicial.</subfield>
   </datafield>
   <datafield tag="653" ind2=" " ind1=" ">
      <subfield code="a">Videojocs</subfield>
   </datafield>
   <datafield tag="653" ind2=" " ind1=" ">
      <subfield code="a">Gestió de l'esport</subfield>
   </datafield>
   <datafield tag="653" ind2=" " ind1=" ">
      <subfield code="a">Educació física</subfield>
   </datafield>
   <datafield tag="653" ind2=" " ind1=" ">
      <subfield code="a">Jocs electrònics</subfield>
   </datafield>
   <datafield tag="653" ind2=" " ind1=" ">
      <subfield code="a">Sedentarisme</subfield>
   </datafield>
   <datafield tag="653" ind2=" " ind1=" ">
      <subfield code="a">Video games</subfield>
   </datafield>
   <datafield tag="653" ind2=" " ind1=" ">
      <subfield code="a">Sports administration</subfield>
   </datafield>
   <datafield tag="653" ind2=" " ind1=" ">
      <subfield code="a">Physical education and training</subfield>
   </datafield>
   <datafield tag="653" ind2=" " ind1=" ">
      <subfield code="a">Electronic games</subfield>
   </datafield>
   <datafield tag="653" ind2=" " ind1=" ">
      <subfield code="a">Sedentary behavior</subfield>
   </datafield>
   <datafield ind2="0" ind1="0" tag="245">
      <subfield code="a">Videojuegos, e-sports y sedentarismo. ¿Una correlación positiva o negativa?</subfield>
   </datafield>
</record></metadata></record></GetRecord></OAI-PMH>